000
00269nam a2200097Ia 4500
082
_a
J 599.784 POLY
245
0
_a
Grizzly bears : on the hunt
100
_a
Polydoros, Lori Mankato, Minn., 2009
_9
95168
942
_c
BK
008
210817s9999 xx 000 0 und d
999
_c
393626
_d
393625